000 00961pam a2200301 a 4500
999 _c603
_d603
001 4315
003 BD-DhUAP
005 20200125144602.0
008 960318s1997 nyua b 001 0 eng
020 _a0070380694
040 _aDLC
_cDLC
_dBD-DhUAP
043 _an-us---
050 0 0 _aHM51
_b.C282 1997
082 0 0 _a301 CAL
_223
100 1 _aCalhoun, Craig J.
245 1 0 _aSociology /
_cCraig Calhoun, Donald Light and Suzanne Keller.
250 _a7th ed.
260 _aNew York :
_bMcGraw-Hill,
_cc1997.
300 _axxiii, 648 pages :
_billustrations ;
_c26 cm.
504 _aIncludes bibliographical references and index.
650 0 _aSociology.
651 0 _aUnited States
_xSocial conditions.
700 1 _aLight, Donald.
700 1 _aKeller, Suzanne Infeld.
906 _a7
_bcbc
_corignew
_d1
_eocip
_f19
_gy-gencatlg
942 _2ddc
_cBK